Ceny na trzích kapitalistických států a devizové kursy 1/85 čtvrtletní rekapitulace

Na minha lista:
Detalhes bibliográficos
Formato: Livro
Idioma:tcheco
Publicado em: Praha Výzkumný ústav vnějších ekonomických vztahů 1985
Colecção:Ekonomická informace č. 16
Tags: Adicionar Tag
Sem tags, seja o primeiro a adicionar uma tag!

MARC

LEADER 00000nam a2200000 4500
001 c108021
005 20260309100234.5
041 0 |a cze 
044 |a CZ 
245 1 0 |a Ceny na trzích kapitalistických států a devizové kursy 1/85  |b čtvrtletní rekapitulace 
264 1 |a Praha  |b Výzkumný ústav vnějších ekonomických vztahů  |c 1985 
300 |a 107 s. 
490 1 |a Ekonomická informace  |v č. 16 
830 0 |a Ekonomická informace  |v č. 16